LEADER 01042nam a2200265 i 4500 001 991000882369707536 005 20020507102728.0 008 970308s1977 it ||| | eng 035 $ab10142939-39ule_inst 035 $aLE00638516$9ExL 040 $aDip.to Fisica$bita 084 $a621.3.2.5 084 $a621.3.9 110 2 $aEdelektron$0461111 245 10$aData Books Intel 77 /$cEdelektron 260 $aMilano :$bEdelektron,$c1977 300 $a3 v. :$bill. ;$c23 cm. 907 $a.b10142939$b21-09-06$c27-06-02 912 $a991000882369707536 945 $aLE006 621.3.2 INT$cV. 3$g1$i2006000053808$lle006$o-$pE0.00$q-$rl$s- $t0$u0$v0$w0$x0$y.i10169969$z27-06-02 945 $aLE006 621.3.2 INT$cV. 2$g1$i2006000053815$lle006$o-$pE0.00$q-$rl$s- $t0$u0$v0$w0$x0$y.i10169970$z27-06-02 945 $aLE006 621.3.2 INT$cV. 1$g1$i2006000053822$lle006$o-$pE0.00$q-$rl$s- $t0$u0$v0$w0$x0$y.i10169982$z27-06-02 996 $aData Books Intel 77$9186892 997 $aUNISALENTO 998 $ale006$b01-01-97$cm$da $e-$feng$git $h0$i3 LEADER 02548oam 2200757 450 001 9910715029703321 005 20220714122305.0 035 $a(CKB)5470000002507709 035 $a(OCoLC)1224118664$z(OCoLC)1227253538 035 $a(EXLCZ)995470000002507709 100 $a20201124d2020 ua 0 101 0 $aeng 135 $aur||||||||||| 181 $ctxt$2rdacontent 182 $cc$2rdamedia 183 $acr$2rdacarrier 200 10$aExamining the role of the commander in sexual assault prosecutions $ehearing before the Subcommittee on Military Personnel of the Committee on Armed Services, House of Representatives, One Hundred Sixteenth Congress, first session : hearing held April 2, 2019 210 1$aWashington :$cU.S. Government Publishing Office,$d2020. 215 $a1 online resource (iii, 173 pages) 300 $a"H.A.S.C. no. 116-24." 517 $aExamining the role of the commander in sexual assault prosecutions 606 $aRape in the military$zUnited States$xPrevention 606 $aRape victims$zUnited States 606 $aSex crimes$zUnited States$xPrevention 606 $aProsecution$zUnited States 606 $aVictims 606 $aSurvivors 606 $aVictimes de viol$zE?tats-Unis 606 $aPoursuites judiciaires$zE?tats-Unis 606 $aVictimes 606 $aArmed Forces$xOfficers$2fast 606 $aProsecution$2fast 606 $aRape victims$2fast 606 $aSex crimes$xPrevention$2fast 607 $aUnited States$xArmed Forces$xOfficers 607 $aE?tats-Unis$xForces arme?es$xOfficiers 607 $aUnited States$2fast 608 $aLegislative hearings.$2fast 608 $aLegislative hearings.$2lcgft 608 $aAudiences le?gislatives.$2rvmgf 615 0$aRape in the military$xPrevention. 615 0$aRape victims 615 0$aSex crimes$xPrevention. 615 0$aProsecution 615 0$aVictims. 615 2$aSurvivors. 615 6$aVictimes de viol 615 6$aPoursuites judiciaires 615 6$aVictimes. 615 7$aArmed Forces$xOfficers. 615 7$aProsecution. 615 7$aRape victims. 615 7$aSex crimes$xPrevention. 801 0$bGPO 801 1$bGPO 801 2$bOCLCO 801 2$bOCLCF 801 2$bGPO 801 2$bOCLCQ 801 2$bOSO 801 2$bOCLCO 801 2$bGPO 906 $aBOOK 912 $a9910715029703321 996 $aExamining the role of the commander in sexual assault prosecutions$93463343 997 $aUNINA